La papisa / (Registro nro. 3089)
[ vista simple ]
| 000 -LEADER | |
|---|---|
| fixed length control field | 01510nam a2200217 a 4500 |
| 008 - CAMPO DE CONTROL (LIBRO) | |
| fixed length control field | 200311s1983 a ||||gr|||| 000 0 spa d |
| 020 ## - INTERNATIONAL STANDARD BOOK NUMBER | |
| ISBN | 9586020169 |
| 041 ## - CODIGO DE IDIOMA | |
| Código de idioma del texto/pista de sonido o título separado | spa |
| 092 ## - SIGNATURA TOPOGRAFICA DEWEY LOCAL | |
| número de clasificación | 808 |
| libristica | 54 |
| sección | MUR |
| 100 1# - ENTRADA PRINCIPAL--NOMBRE PERSONAL | |
| Nombre personal | Murphy, Paul. |
| 9 (RLIN) | 3938 |
| 245 3# - TITULO PROPIAMENTE DICHO | |
| Título | La papisa / |
| Mención de responsabilidad y remanente de la transcripción de la portada | Paul Murphy. |
| 250 ## - MENCION DE EDICION | |
| Mención de edición | 3a ed. |
| Mención de responsabilidad relacionada con la ed. | Traducción Adolfo Martín. |
| 260 ## - PIE DE IMPRENTA | |
| Lugar de publicación, distribución, etc | Buenos Aires: |
| Nombre de la editorial, distribuidor, etc | Plaza & Janes; |
| Fecha de publicación | 1983. |
| 300 ## - DESCRIPCION FISICA | |
| Extension | 367 p. |
| 500 ## - NOTA GENERAL | |
| Nota general | Murphy, P. y Arlington, R. R. (1983). La papisa. (3a ed.). Buenos Aires : Plaza & Janes. |
| 505 ## - NOTA DE CONTENIDO | |
| Nota de contenido formateada | A los ochenta y siete años sigue siendo tal como la vi en su edad madura..., asombrosamente menuda y angélica, aunque también de una vitalidad sorprendente y apasionante. Ahora, igual que entonces, parece ser una generación posterior a la suya, una mujer con luminosos ojos de un gris azulado, y fresca tez de tinte ruboroso. -¡Deje de mirar y tome asiento, por Dios! - exclama, intentando su imagen de Madre Superiora. Pero esta severidad reviste apenas su vanidad y se pierde en una tierna sonrisa. Ella sabe que tú has hecho un largo viaje a Roma con una finalidad muy concreta, y pertenece lo suficiente a la vieja escuela -disciplinada y directa- para no desperdiciar el tiempo, ni el tuyo ni el suyo. -Quizá quiera usted conversar un rato, ¿verdad? pregunta Sor Pascualina tras un breve intercambio de cumplidos. |
| 590 ## - NOTAS LOCALES (RLIN) | |
| Nota local | Proyecto 4to libro. Donación Pardo Paula. Marzo 2020. |
| 655 ## - MATERIA - GENERO/FORMA | |
| Género/Forma | Literatura |
| -- | 2917 |
| 700 1# - ENTRADAS SECUNDARIAS - NOMBRE PERSONAL | |
| Nombre personal | Arlington, R. René |
| 9 (RLIN) | 3939 |
| 942 ## - ADDED ENTRY ELEMENTS (KOHA) | |
| Source of classification or shelving scheme | Dewey Decimal Classification |
| Item type | LITERATURA |
| Estado de retiro | Existencia | Fuente de clasificación | Estado general | No para prestamo | Ubicación permanente | ubicación actual | Sala de ubicación | Fecha de adquisición | Fuente de adquisición | Total Checkouts | Número de clasificación | Código de barras | Date last seen | Número de ejemplar | Price effective from | Koha tipo de elemento (item) | Public note |
|---|---|---|---|---|---|---|---|---|---|---|---|---|---|---|---|---|---|
| Dewey Decimal Classification | Biblioteca Medicina | Biblioteca Medicina | Circulación | 11/03/2020 | Donación Pardo, Paula. marzo 2020 | 808 54 MUR | 4640 | 11/03/2020 | Ej. 1 | 11/03/2020 | LITERATURA | Proyecto 4to libro. Donación Pardo, Paula. marzo 2020 |